| 000 | 00422nam a22001697a 4500 | ||
|---|---|---|---|
| 003 | NUST - PNEC | ||
| 005 | 20170116180850.0 | ||
| 008 | 150825b xxu||||| |||| 00| 0 eng d | ||
| 020 | _a8187815035 | ||
| 040 | _cLIBRARY | ||
| 082 | _a541.3 DAV | ||
| 100 |
_95630 _aDave, R.K. |
||
| 245 |
_aExperiments in physical chemistry _cR.K. Dave |
||
| 260 | _aNew Delhi: | ||
| 650 |
_95631 _aChemistry _xME, IME |
||
| 942 |
_2ddc _cBK |
||
| 999 |
_c64567 _d64567 |
||